00464nam a2200193 a 4500001001300000003000900013005001700022008004100039020001100080082001600091100001800107245001700125260003700142300000900179500003500188505001300223650001600236700001800252nice12345678IN_TiNIC20260116011802.0050524s1969 laha grp 000 0 urd  ac2.2500a891.41bKAN aKanwal, Feroz aJamal-E-Fikr aLahorebMaktaba-I-shahkar c1969 a168p aincludes index and biblioraphy2 aappendix aUrdu-Poetry1 aKanwal, Feroz